000 00316nam a22001337a 4500
003 OSt
005 20230817051642.0
008 230817b |||||||| |||| 00| 0 eng d
040 _cIIMT UNIVERSITY
100 _aSINGH, RAMESH
245 _aINDIAN ECONOMY
260 _aNEW DELHI
_bMC GRAW HILL
_c2018
942 _2ddc
_c06
999 _c57066
_d57066